Oceňovanie ako nástroj účtovníctva pri eliminácií rizík a neistôt diplomová práca

Uložené v:
Podrobná bibliografia
Hlavný autor: Králová, Denisa
Korporativný autor: Fakulta hospodárskej informatiky EU. Katedra účtovníctva a audítorstva
Ďalší autori: Szász, Marek
Médium: Kniha
Jazyk:Slovak
Vydavateľské údaje: Bratislava 2018
Tagy: Pridať tag
Žiadne tagy, Buďte prvý, kto otaguje tento záznam!

MARC

LEADER 00000nbm a2200000 4500
001 0243561
005 20181108091758.5
041 0 |a slo 
044 |a SK 
245 1 0 |a Oceňovanie ako nástroj účtovníctva pri eliminácií rizík a neistôt  |b diplomová práca  |c Denisa Králová ; školiteľ: Marek Szász 
264 1 |a Bratislava  |c 2018 
300 |a 61 s. 
100 1 |a Králová, Denisa 
700 1 |a Szász, Marek 
710 2 |a Fakulta hospodárskej informatiky EU. Katedra účtovníctva a audítorstva